01171nam a2200229 a 450000100060000000300090000600800410001502000150005604000280007108200140009910000370011324500420015026000400019230000090023250503290024159001260057065000160069665000510071294200120076399900170077595201490079222129CO-ViMGA141112s2004 ck r 000 u spa d a9681500644 aCO-ViMGAbspacCO-ViMGA04a102 G172l1 aGarcía Morenete, Manuel93147610aLecciones preliminares de filosofía aMexico : bMexicanos Unidos, c2002 a319p aEl conjunto de la filosofía 9 - - El metodod de la filosofía 21 - - La intuicion como metodo de la filosofía 33 - - Ingreso de la ontología 47 - - La metafisíca de permenides 58 - - El reslismo de las ideas en platon 69 - - El realismo aristotelico 81 - - Origen del idealismo 107 - - La ontologia de la vida 300  aForma de adquisición : Compra - - Precio : 28.700 - - Proveedor : Bernalibros - - Fecha de adquisición : Octubre 200714aFILOSOFÍA14aFILOSOFÍA - COMPENDIOS, SIPNOSIS, ETC931477 2ddccBK c30565d30565 00102ddc40708003aMEVIECARbMEVIECARd2015-12-04hVolumen. 1 | 11/jun/2009l0o102 G172l p22129r2015-12-04 00:00:00tEj. 1w2015-12-04yBK